Catálogo público

El proceso de la investigación científica : incluye evaluación y administración de proyectos de investigación / (Record no. 165487)

MARC details
000 -CABECERA
campo de control de longitud fija 00823nam a2200289Ia 4500
001 - NÚMERO DE CONTROL
campo de control Z_2433
003 - IDENTIFICADOR DEL NÚMERO DE CONTROL
campo de control CHAP
008 - DATOS DE LONGITUD FIJA--INFORMACIÓN GENERAL
campo de control de longitud fija 220113s2006 xx 000 0 und d
010 ## - NÚMERO DE CONTROL DE LA BIBLIOTECA DEL CONGRESO
Número de control de LC 165487
020 ## - NÚMERO INTERNACIONAL ESTÁNDAR DEL LIBRO
Número Internacional Estándar del Libro 968-18-5872-7
040 ## - FUENTE DE LA CATALOGACIÓN
Centro/agencia transcriptor CHAP
082 ## - NÚMERO DE LA CLASIFICACIÓN DECIMAL DEWEY
Número de clasificación 001.42 T36 2001
100 ## - ENTRADA PRINCIPAL--NOMBRE DE PERSONA
Nombre de persona Tamayo Tamayo, Mario
9 (RLIN) 139353
245 ## - MENCIÓN DE TÍTULO
Título El proceso de la investigación científica : incluye evaluación y administración de proyectos de investigación /
Mención de responsabilidad, etc. Mario Tamayo Tamayo
250 ## - MENCIÓN DE EDICIÓN
Mención de edición 4a ed.
260 ## - PUBLICACIÓN, DISTRIBUCIÓN, ETC.
Lugar de publicación, distribución, etc. México :
Nombre del editor, distribuidor, etc. Limusa. Noriega,
Fecha de publicación, distribución, etc. 2006
300 ## - DESCRIPCIÓN FÍSICA
Extensión 440 p.
503 ## - NOTA DE HISTORIA BIBLIOGRÁFICA (BK CF MU) [OBSOLETO]
Nota de historia bibliográfica ej.1: C/E \ ej.2: C/E \ ej.3: C/E
504 ## - NOTA DE BIBLIOGRAFÍA, ETC.
Nota de bibliografía, etc. Bibliografía: p. 435 - 440
650 ## - PUNTO DE ACCESO ADICIONAL DE MATERIA--TÉRMINO DE MATERIA
Término de materia o nombre geográfico como elemento de entrada Investigación
Subdivisión general Metodología
9 (RLIN) 60237
901 ## - ELEMENTOS DE DATOS A LOCAL LDA (RLIN)
a 001.42 T36 2001
902 ## - ELEMENTOS DE DATOS B LOCAL, LDB (RLIN)
a M
910 ## - DATOS DE OPCIÓN DEL USUARIO (OCLC)
Datos de opción del usuario 2006
942 ## - ELEMENTOS DE PUNTO DE ACCESO ADICIONAL (KOHA)
Tipo de ítem Koha Libro_
942 ## - ELEMENTOS DE PUNTO DE ACCESO ADICIONAL (KOHA)
Tipo de ítem Koha
Holdings
Estado de retiro Estado de pérdida Fuente del sistema de clasificación o colocación Estado dañado Restricciones de uso No para préstamo Código de colección Localización permanente Ubicación/localización actual Fecha de adquisición Signatura topográfica completa Código de barras Fecha visto por última vez Número de copia Precio válido a partir de Tipo de ítem Koha
    Dewey Decimal Classification   Préstamo interno   General Zootecnia Zootecnia 09/11/2005 001.42 T36 2001 z_3074 18/01/2022 Ej.1 18/01/2022 Libro
    Dewey Decimal Classification   Préstamo 5 días   General Zootecnia Zootecnia 03/12/2007 001.42 T36 2001 z_5434 18/01/2022 Ej.2 18/01/2022 Libro
    Dewey Decimal Classification   Préstamo 5 días   General Zootecnia Zootecnia 03/12/2007 001.42 T36 2001 z_5435 18/01/2022 Ej.3 18/01/2022 Libro